| 000 | 00470nam a22001697a 4500 | ||
|---|---|---|---|
| 999 |
_c7782 _d7780 |
||
| 005 | 20210904134907.0 | ||
| 008 | 210325b ||||| |||| 00| 0 eng d | ||
| 020 | _a978-1841-133058 | ||
| 041 | _aeng | ||
| 082 | _a345.408 23 | ||
| 100 |
_aCAPPS, PATRICK AND OTHERS _96508 |
||
| 245 | _aASSERTING JURISDICTION: INTERNATIONAL AND EUROPEAN LEGAL PERSPECTIVES | ||
| 260 |
_aUSA _bOXFORD AND PORTLAND, OREGON _c2003 |
||
| 300 | _a313,p | ||
| 650 |
_aLAW _95701 |
||
| 942 | _cBK | ||